00636nam a2200193Ia 4500008004100000020001800041082001900059100001600078245004500094250000800139260003900147300003000186500001900216600003300235650001600268942000700284952013400291999001700425240925s9999 xx 000 0 und d a9780273719236 a515.102462 JAM aJames, Glyn 0aAdvanced Modern Engineering Mathematics  a4th aHarlow:bPearson Educationc,2011. axxiv,496p.bN.AfOriginal aIncludes Index aHumanities & Natural Science aMathematics cBK 001040708ETaUITUbUITUd2012-11-12eFair Book Centerg1250.00l0o515.102462 JAMpQ9413r2024-09-25 07:15:18w2024-09-25yBK c11912d11912